| 000 | 00623nam a2200217 a 4500 | ||
|---|---|---|---|
| 008 | |||
| 020 | _a9780797485723 (pbk. ) | ||
| 049 | _aMAIN | ||
| 090 |
_aKD2204 _bMUC |
||
| 100 | 1 | _aMucheche, Calen.H. | |
| 245 | 1 | 0 |
_aConsumer law in Zimbabwe/ _cCaleb Mucheche. |
| 260 |
_aHarare _bZimlaw trust, _c2018. |
||
| 300 |
_ax,127 p. : _bill. ; _c23 cm. |
||
| 500 | _aIncludes bibliographical references. | ||
| 650 | 1 | _alegal rights of consumers. | |
| 907 |
_a.b10395696 _b08-01-19 _c17-12-18 |
||
| 003 | |||
| 005 | 20230123141134.0 | ||
| 040 | _cNUST | ||
| 942 |
_cBOOKS _kKD2204 _mMUC |
||
| 999 |
_c168332 _d168332 |
||